00366 a2200145 4500003000400000005001700004008004100021020001800062040000900080082001800089100001800107245004700125260003900172300000900211OSt20231223144845.0231223b |||||||| |||| 00| 0 eng d a9789350720486 coclc a891.43bKUM/N aKumar, Rashmi aNAI KAVITA KE MITHAK KAVYA /cRashmi Kumar aNew Delhi:bVani Prakashan,c2009. a283p